[Event "Olympiad (children)"]
[Site "masterchessopen.com – Gurzuf (Ukraine)"]
[Round "8"]
[White "Karjakin Sergey (UKR)"]
[Black "Primbetov K (KAZ)"]
[Result "1-0"]
[WhiteElo "2250"]
[BlackElo "2214"]

1.e4 c5 2.Nf3 d6 3.d4 cxd4 4.Nxd4 Nf6 5.Nc3 Nc6 6.Bc4 Qb6 7.Nb3 e6 8.Be3 Qc7
9.O-O a6 10.a4 b6 11.f4 h5 12.h3 Be7 13.Qf3 Rb8 14.Rae1 h4 15.Qe2 Nh5 16.Qg4
g5 17.e5 d5 18.Bd3 Bb7 19.fxg5 Nxe5 20.Qxh4 Kd7 21.Bd4 Nxd3 22.cxd3 Rh7 23.Be5
Bd6 24.d4 Rg8 25.g4 Bxe5 26.Rxe5 {#r} 1-0

[Event "It (open) (active)"]
[Site "masterchessopen.com – Herford (Germany)"]
[Round "2"]
[White "Wolf Andre (GER)"]
[Black "Epishin Vladimir (GER)"]
[Result "0-1"]
[WhiteElo "2240"]
[BlackElo "2567"]

1.e4 c5 2.Nf3 d6 3.d4 cxd4 4.Nxd4 Nf6 5.Nc3 Nc6 6.Bc4 e5 7.Nf5 Be6 8.Ne3 Rc8
9.O-O Nd4 10.b3 Bxc4 11.bxc4 Be7 12.f3 O-O 13.Rb1 b6 14.Ne2 Ne6 15.Ba3 g6
16.Qd2 Ne8 17.f4 exf4 18.Nxf4 Nxf4 19.Rxf4 Bg5 20.Rf3 Rxc4 21.e5 Ra4 22.Bxd6
Nxd6 23.Qxd6 Qxd6 24.exd6 Rd4 {#R} 0-1

[Event "Oz.com qualifier (blitz)"]
[Site "masterchessopen.com – Internet"]
[Round "4"]
[White "Mussanti Diego (ARG)"]
[Black "Demirel Tolga (TUR)"]
[Result "0-1"]
[WhiteElo "2285"]
[BlackElo "2174"]

1.e4 c5 2.Nf3 d6 3.d4 Nf6 4.Nc3 cxd4 5.Nxd4 Nc6 6.Bc4 Qb6 7.Ndb5 a6 8.Be3 Qa5
9.Nd4 Nxe4 10.Qf3 f5 11.Nxc6 bxc6 12.O-O-O d5 13.Nxe4 fxe4 14.Qh5+ g6 15.Qe5
Rg8 16.Rxd5 cxd5 17.Bxd5 Qb5 18.Qxe4 Bf5 {#R} 0-1

[Event "Ch Italy (juniors) (under 20)"]
[Site "masterchessopen.com – Italy"]
[Round "0"]
[White "Coratella Giuseppe (ITA)"]
[Black "Berni Giorgio (ITA)"]
[Result "1-0"]
[WhiteElo "2077"]
[BlackElo "2214"]

1.e4 c5 2.Nf3 d6 3.d4 cxd4 4.Nxd4 Nf6 5.Nc3 Nc6 6.Be3 Ng4 7.Bc1 Nf6 8.Bc4 Qb6
9.Nde2 e6 10.Bb3 Be7 11.Be3 Qc7 12.f3 a6 13.Qd2 b5 14.O-O-O Ne5 15.Nd4 Nc4
16.Bxc4 Qxc4 17.Kb1 Nd7 18.g4 Bb7 19.Bg5 Nf6 20.h4 O-O-O 21.Rhe1 h6 22.Be3 Nd7
23.Qf2 Ne5 24.Nb3 Nc6 25.Bb6 Rd7 26.Nd2 {#r} 1-0

[Event "It (cat.4)"]
[Site "masterchessopen.com – Kharkov (Ukraine)"]
[Round "11"]
[White "Semerij Yurij (UKR)"]
[Black "Budnikov Oleg (UKR)"]
[Result "0-1"]
[WhiteElo "2228"]
[BlackElo "2422"]

1.e4 c5 2.Nf3 d6 3.d4 cxd4 4.Nxd4 Nf6 5.Nc3 Nc6 6.Bc4 Bd7 7.h3 Rc8 8.Bb3 g6
9.Be3 Bg7 10.g4 Qa5 11.O-O Ne5 12.g5 Nh5 13.Nf5 gxf5 14.Qxh5 Rxc3 15.exf5 Bc6
16.bxc3 Nf3+ 17.Kg2 Qxf5 18.Rfd1 Bxc3 19.Kf1 h6 20.Bc4 hxg5 {#R} 0-1

[Event "It (open)"]
[Site "masterchessopen.com – Los Angeles (USA)"]
[Round "5"]
[White "Reefat Bin-Sattar (BAN)"]
[Black "Evans Bela (USA)"]
[Result "1-0"]
[WhiteElo "2467"]
[BlackElo "2323"]

1.e4 c5 2.Nf3 d6 3.d4 cxd4 4.Nxd4 Nf6 5.Nc3 Nc6 6.Bc4 Qb6 7.Nb3 e6 8.Bf4 Ne5
9.Be2 Bd7 10.a4 a6 11.a5 Qc7 12.O-O Be7 13.Bg3 Rc8 14.Nd2 g5 15.f4 gxf4
16.Rxf4 h5 17.h3 Ng6 18.Rxf6 Bxf6 19.Nc4 Bxc3 20.bxc3 e5 21.Nxd6+ Ke7 22.Nxc8+
Rxc8 23.Bxh5 Qxc3 24.Kh2 Qxc2 25.Bxg6 fxg6 26.Bh4+ Ke6 27.Qd5# 1-0

[Event "Ch Moscow"]
[Site "masterchessopen.com – Moscow (Russia)"]
[Round "5"]
[White "Igriashvili Zurab (GEO)"]
[Black "Arbakov Valentin (RUS)"]
[Result "1-0"]
[WhiteElo "2459"]
[BlackElo "2485"]

1.e4 c5 2.Nf3 d6 3.d4 cxd4 4.Nxd4 Nf6 5.Nc3 Nc6 6.Bc4 Qb6 7.Nxc6 bxc6 8.O-O g6
9.Be3 Qxb2 10.Bd4 Qb4 11.Bxf6 exf6 12.Qd4 Qc5 13.Qxf6 Qxc4 14.Qxh8 Ba6 15.Rfb1
O-O-O 16.Rb3 Be7 17.Qg7 Qe6 18.Qd4 Rd7 19.Rab1 Rc7 20.Nd5 {#r} 1-0

[Event "It (cat.3)"]
[Site "masterchessopen.com – Paks (Hungary)"]
[Round "6"]
[White "Molnar Bela (HUN)"]
[Black "Breder Dennis (GER)"]
[Result "0-1"]
[WhiteElo "2373"]
[BlackElo "2336"]

1.e4 c5 2.d4 cxd4 3.Nf3 Nc6 4.Nxd4 Nf6 5.Nc3 d6 6.Bc4 Bd7 7.Bg5 e6 8.Bxf6 Qxf6
9.Ndb5 O-O-O 10.O-O Kb8 11.f4 Bc8 12.Kh1 Be7 13.a4 g5 14.f5 Qh6 15.Qd2 Bf6
16.Qf2 Be5 17.Qg1 Rhg8 18.Rad1 g4 19.Bd5 exd5 20.exd5 Rd7 21.Rfe1 Bg3 22.Re4
Rg5 23.dxc6 bxc6 24.Nd4 Rh5 25.Nxc6+ Ka8 {#R} 0-1

[Event "Ch Pinneberg"]
[Site "masterchessopen.com – Pinneberg (Germany)"]
[Round "3"]
[White "Hawranke Dietrich (GER)"]
[Black "Bokelbrink Uwe (GER)"]
[Result "0-1"]
[WhiteElo "2130"]
[BlackElo "2276"]

1.e4 c5 2.Nf3 d6 3.Nc3 Nc6 4.d4 cxd4 5.Nxd4 Nf6 6.Bc4 Qb6 7.Nxc6 bxc6 8.O-O g6
9.Be3 Qc7 10.h3 Bg7 11.Qd2 O-O 12.Bh6 Rb8 13.Bb3 Bxh6 14.Qxh6 c5 15.g4 e6
16.Rfe1 c4 17.e5 dxe5 18.g5 Nh5 19.Ba4 Bb7 20.Rad1 Rfd8 {#R} 0-1

[Event "Ch Slovakia (team) 1999/00 (2 liga) (b)"]
[Site "masterchessopen.com – Slovakia"]
[Round "0"]
[White "Blazek Milos (SVK)"]
[Black "Bojda Lubomir (SVK)"]
[Result "0-1"]
[WhiteElo "2106"]
[BlackElo "2171"]

1.e4 c5 2.Nf3 Nc6 3.d4 cxd4 4.Nxd4 Nf6 5.Nc3 d6 6.Bc4 Qb6 7.Nb3 a6 8.Be3 Qc7
9.O-O b5 10.Be2 e6 11.a3 Be7 12.f4 O-O 13.Bf3 Bb7 14.Qe1 Rfe8 15.Qg3 Bf8
16.Rad1 Rac8 17.e5 Nd7 18.exd6 Bxd6 19.Ne4 Be7 20.Rxd7 Qxd7 21.Nbc5 Qc7
22.Nxb7 Qxb7 23.Bd4 Nxd4 24.Nf6+ Bxf6 25.Bxb7 Ne2+ {#R} 0-1

[Event "Ch Russia (juniors) (under 14) (g)"]
[Site "masterchessopen.com – Toljatti (Russia)"]
[Round "0"]
[White "Lomako Anna (RUS)"]
[Black "Pribylnova Ekaterina (RUS)"]
[Result "0-1"]
[WhiteElo "2248"]
[BlackElo "2065"]

1.e4 c5 2.Nf3 d6 3.d4 cxd4 4.Nxd4 Nf6 5.Nc3 Nc6 6.Bc4 Qb6 7.Nb3 e6 8.Be3 Qc7
9.f4 a6 10.O-O b5 11.Bd3 Be7 12.Kh1 Bb7 13.Qf3 Rc8 14.a3 h5 15.Rad1 Nb8 16.Qe2
Nbd7 17.Nd4 Ng4 18.Bg1 Nb6 19.e5 dxe5 20.fxe5 Nd7 21.Bg6 Ndxe5 22.Bxf7+ Nxf7
23.Rxf7 Kxf7 24.Qxe6+ Kf8 25.Qg6 Qe5 26.Ne6+ Kg8 27.Bd4 Qxh2# 0-1

[Event "It (open)"]
[Site "masterchessopen.com – Vantaa (Finland)"]
[Round "5"]
[White "Hallenberg Sami (FIN)"]
[Black "Toikka Jussi (FIN)"]
[Result "1-0"]
[WhiteElo "2108"]
[BlackElo "2100"]

1.e4 c5 2.Nf3 d6 3.d4 cxd4 4.Nxd4 Nf6 5.Nc3 Nc6 6.Bc4 Qb6 7.Nb3 e6 8.O-O Bd7
9.Be3 Qc7 10.f4 Rc8 11.a3 Be7 12.Bd3 O-O 13.Qf3 Rfd8 14.Qh3 e5 15.f5 Na5 16.g4
d5 17.g5 Nxe4 18.Nxd5 Bxf5 19.Qxf5 {#r} 1-0

[Event "Tournament (Elo) (a)"]
[Site "masterchessopen.com – Budapest (Hungary)"]
[Round "7"]
[White "Szamoskozi Gabor (HUN)"]
[Black "Balogh Viktor (HUN)"]
[Result "1-0"]
[WhiteElo "2096"]
[BlackElo "2182"]

1.e4 c5 2.Nf3 d6 3.d4 cxd4 4.Nxd4 Nf6 5.Nc3 Nc6 6.Bc4 Qb6 7.Nb3 e6 8.Be3 Qc7
9.Qe2 a6 10.O-O-O Be7 11.Rhg1 b5 12.Bd3 b4 13.Na4 Nd7 14.f4 O-O 15.g4 e5 16.f5
Re8 17.g5 Na5 18.g6 Nxb3+ 19.axb3 fxg6 20.Bc4+ Kh8 21.fxg6 d5 22.Rxd5 Bb7
23.Rxd7 Qxd7 24.Qh5 {#r} 1-0

[Event "Ch Georgia (w)"]
[Site "masterchessopen.com – Tbilisi (Georgia)"]
[Round "1"]
[White "Tsikarishvili Nana (GEO)"]
[Black "Matnadze Ana (GEO)"]
[Result "0-1"]
[WhiteElo "2094"]
[BlackElo "2282"]

1.e4 c5 2.Nf3 d6 3.d4 cxd4 4.Nxd4 Nf6 5.Nc3 Nc6 6.Bc4 Bd7 7.O-O g6 8.Nxc6 Bxc6
9.Nd5 Bg7 10.Bg5 Bxd5 11.exd5 O-O 12.Re1 Qd7 13.Qf3 b5 14.Bb3 a5 15.c3 Rfc8
16.Re2 a4 17.Bc2 a3 18.Rae1 axb2 19.Rxe7 Qg4 20.Qxg4 Nxg4 21.Bd2 Bxc3 22.Bxc3
Rxc3 23.Bb1 Rc1 24.Re2 Rac8 {#R} 0-1

[Event "It (open)"]
[Site "masterchessopen.com – Bratto (Italy)"]
[Round "5"]
[White "Dervishi Erald (ALB)"]
[Black "Drazic Sinisa (SRB)"]
[Result "0-1"]
[WhiteElo "2501"]
[BlackElo "2471"]

1.e4 c5 2.Nf3 d6 3.d4 cxd4 4.Nxd4 Nf6 5.Nc3 Nc6 6.Bc4 e5 7.Nb3 Be6 8.Bxe6 fxe6
9.O-O Be7 10.Be3 O-O 11.Qe2 Rc8 12.Rad1 Qe8 13.f3 Qf7 14.Nb5 d5 15.exd5 Nxd5
16.c4 Nxe3 17.Qxe3 Qf4 18.Qxf4 exf4 19.Rfe1 e5 20.Rd7 Bb4 21.Red1 g6 22.Nc7
Nb8 23.Nd5 Nxd7 24.Nxb4 Rxc4 {#R} 0-1

[Event "Ch Europe (juniors) (under 16)"]
[Site "masterchessopen.com – Chalkidiki (Greece)"]
[Round "5"]
[White "Nemeth Miklos (HUN)"]
[Black "Mamedov Nidjat (AZE)"]
[Result "0-1"]
[WhiteElo "2321"]
[BlackElo "2405"]

1.e4 c5 2.Nf3 d6 3.d4 cxd4 4.Nxd4 Nf6 5.Nc3 Nc6 6.Bc4 Qb6 7.Nde2 e6 8.O-O a6
9.b3 Be7 10.Bb2 Qc7 11.Bd3 b5 12.Ng3 Bb7 13.f4 h5 14.Be2 h4 15.Nh5 Nxh5
16.Bxh5 Bf6 17.e5 Be7 18.Ne4 O-O-O 19.Bxf7 dxe5 20.Bxe6+ Kb8 21.Qg4 Nd4 22.f5
Qxc2 23.Bxd4 Rxd4 24.Qxg7 Qxe4 25.Qxh8+ Rd8 26.Qg7 Bc5+ 27.Kh1 h3 {#R} 0-1

[Event "It (open)"]
[Site "masterchessopen.com – Clermont-Ferrand (France)"]
[Round "1"]
[White "Sivan Michel (FRA)"]
[Black "Nevednichy Vladislav (ROM)"]
[Result "0-1"]
[WhiteElo "1836"]
[BlackElo "2593"]

1.e4 c5 2.Nf3 d6 3.d4 cxd4 4.Nxd4 Nf6 5.Nc3 Nc6 6.Bc4 Qb6 7.Nb3 e6 8.Be3 Qc7
9.Qe2 a6 10.O-O Be7 11.Rfd1 b5 12.Bxb5 axb5 13.Nxb5 Qb8 14.Qc4 Ne5 15.Nc7+ Kf8
16.Qc3 Nxe4 17.Qd4 Qxc7 18.Qxe4 Bb7 19.Qb4 Qc6 20.f3 Nxf3+ 21.gxf3 Qxf3 22.Qd2
Qh1+ 23.Kf2 Bh4+ 24.Ke2 Ba6+ {#R} 0-1

[Event "Ch Germany (seniors)"]
[Site "masterchessopen.com – Dresden (Germany)"]
[Round "5"]
[White "Jugow Alexander (GER)"]
[Black "Hoehne Peter (GER)"]
[Result "1-0"]
[WhiteElo "2236"]
[BlackElo "2020"]

1.e4 c5 2.Nf3 Nc6 3.d4 cxd4 4.Nxd4 d6 5.Bc4 Nf6 6.Nc3 Bd7 7.O-O h6 8.h3 a6
9.Be3 e6 10.Bb3 Be7 11.f4 O-O 12.f5 Nxd4 13.Qxd4 exf5 14.exf5 Bc6 15.Rad1 Re8
16.Qf4 Nh7 17.Qg4 Nf6 18.Qg3 Kf8 19.Rd4 Ng8 20.Rfd1 Qa5 21.Nd5 Bxd5 22.Bxd5
Bf6 23.Qxd6+ Be7 24.Qg3 Bc5 25.b4 Bxb4 26.Bxb7 Ra7 27.Bc6 {#r} 1-0

[Event "Ch France (team) (3rd division)"]
[Site "masterchessopen.com – France"]
[Round "8"]
[White "Basso Fabrice (FRA)"]
[Black "Azariants Evgueny (FRA)"]
[Result "1-0"]
[WhiteElo "2221"]
[BlackElo "2144"]

1.e4 c5 2.Nf3 Nc6 3.d4 cxd4 4.Nxd4 Nf6 5.Nc3 d6 6.Bc4 Qb6 7.Nb3 e6 8.Bg5 Ne5
9.Bd3 Be7 10.Qe2 O-O 11.O-O-O Bd7 12.f4 Ng6 13.e5 Ne8 14.Bxg6 Bxg5 15.Bxh7+
Kxh7 16.fxg5 g6 17.h4 d5 18.h5 Kg7 19.Rdf1 Nc7 20.Qf3 Kg8 21.Qh3 {#r} 1-0

[Event "Ch Asturia (juniors)"]
[Site "masterchessopen.com – Gijon (Spain)"]
[Round "1"]
[White "Redondo Arguelles Graciela (ESP)"]
[Black "Molina Vinas Marcos (ESP)"]
[Result "0-1"]
[WhiteElo "2066"]
[BlackElo "2087"]

1.e4 c5 2.Nf3 d6 3.Nc3 Nf6 4.Bc4 Nc6 5.d4 cxd4 6.Nxd4 g6 7.O-O Bg7 8.Be3 O-O
9.h3 Nxe4 10.Nxe4 d5 11.Bxd5 Qxd5 12.Nc3 Qa5 13.Nxc6 bxc6 14.Bd2 Rb8 15.Rb1
Rd8 16.Ne4 Qxa2 17.Ra1 Qxb2 18.Rxa7 Bf5 19.Rxe7 Qa3 20.Nf6+ Bxf6 21.Re2 Be6
22.Rfe1 Bc3 23.Re3 Rxd2 24.Qxd2 Bxd2 25.Rxa3 Bxe1 {#R} 0-1

[Event "Ch Hungary (team) 2000/01 (2 liga)"]
[Site "masterchessopen.com – Hungary"]
[Round "11"]
[White "Farkas Gyula (HUN)"]
[Black "Kovacs Elod (HUN)"]
[Result "0-1"]
[WhiteElo "2235"]
[BlackElo "2282"]

1.e4 c5 2.Nf3 Nc6 3.d4 cxd4 4.Nxd4 Nf6 5.Nc3 d6 6.Bc4 Qb6 7.Nde2 e6 8.O-O a6
9.Bb3 Be7 10.Bg5 Qc7 11.Ng3 O-O 12.Kh1 Na5 13.Nh5 Nxh5 14.Bxe7 Ng3+ 15.hxg3
Qxe7 16.Qh5 b5 17.f4 Nxb3 18.axb3 b4 19.Ne2 e5 20.fxe5 dxe5 21.Ra5 f6 22.c3
Bb7 23.Qg4 Rad8 24.Ra4 bxc3 25.bxc3 Rd3 26.Rb4 Bc8 27.Qh5 {#R} 0-1

[Event "Ch Brazil"]
[Site "masterchessopen.com – Ibirapuera (Brazil)"]
[Round "5"]
[White "Bittencourt Jorge (BRA)"]
[Black "Coelho Luis (BRA)"]
[Result "0-1"]
[WhiteElo "2264"]
[BlackElo "2272"]

1.e4 c5 2.Nf3 Nc6 3.d4 cxd4 4.Nxd4 Nf6 5.Nc3 d6 6.Bc4 Qb6 7.Nxc6 bxc6 8.O-O g6
9.Bb3 Bg7 10.Be3 Qa5 11.h3 O-O 12.Qf3 Nd7 13.Rad1 Nc5 14.Bd4 e5 15.Be3 Nxb3
16.axb3 Qc7 17.Qe2 f5 18.exf5 Bxf5 19.f4 Rae8 20.Qd2 d5 21.fxe5 Bxe5 22.Bc5
Rf7 23.g4 Be6 24.Ne2 Bh2+ {#R} 0-1

[Event "It (open) \"]
[Site "masterchessopen.com – Jyvaskyla (Finland)"]
[Round "5"]
[White "Kivipelto Kaj-Erik (FIN)"]
[Black "Sorsa Miitrei (FIN)"]
[Result "0-1"]
[WhiteElo "2229"]
[BlackElo "2165"]

1.Nf3 c5 2.e4 d6 3.d4 cxd4 4.Nxd4 Nf6 5.Nc3 Nc6 6.Bc4 Qb6 7.Nxc6 bxc6 8.O-O g6
9.Be3 Qxb2 10.Qd3 Qb8 11.Rab1 Qc7 12.f4 Bg7 13.f5 Qa5 14.Bd4 O-O 15.fxg6 hxg6
16.Qg3 Ng4 17.Bxg7 Kxg7 18.Kh1 Qc5 19.Bb3 Nxh2 20.Rxf7+ Rxf7 21.Bxf7 Kxf7
22.Kxh2 Be6 23.Qf4+ Kg7 24.Nd1 Rh8+ 25.Kg3 Qg1 26.Qg5 Rh3+ {#R} 0-1

[Event "Ch Russia (juniors) (under 20)"]
[Site "masterchessopen.com – Kazan (Russia)"]
[Round "5"]
[White "Potkin Vladimir (RUS)"]
[Black "Shaposhnikov Evgeny (RUS)"]
[Result "0-1"]
[WhiteElo "2483"]
[BlackElo "2542"]

1.e4 c5 2.Nf3 d6 3.d4 Nf6 4.Nc3 cxd4 5.Nxd4 Nc6 6.Bc4 Qb6 7.Nb3 e6 8.Bf4 Ne5
9.Be2 a6 10.Qd2 Be7 11.f3 Qc7 12.O-O-O b5 13.g4 Bb7 14.g5 Nfd7 15.h4 b4 16.Nb1
d5 17.exd5 Bxd5 18.Rhf1 O-O 19.Be3 Rfd8 20.Nd4 Bxa2 21.b3 Nb6 22.Kb2 Bxb1
23.Rxb1 Nd5 24.Bg1 Nc3 25.Ra1 Bc5 {#R} 0-1

[Event "It (open)"]
[Site "masterchessopen.com – Kazimierz Dolny (Poland)"]
[Round "9"]
[White "Slaby Jerzy (POL)"]
[Black "Shishkin Vadim (UKR)"]
[Result "0-1"]
[WhiteElo "2221"]
[BlackElo "2443"]

1.e4 c5 2.Nf3 Nc6 3.d4 cxd4 4.Nxd4 Nf6 5.Nc3 d6 6.Bc4 Qb6 7.Ndb5 Bg4 8.Be3
Qxe3+ 9.fxe3 Bxd1 10.Rxd1 Rc8 11.O-O a6 12.Na3 b5 13.Bb3 b4 14.Nc4 bxc3 15.Ba4
Nd7 16.e5 cxb2 17.exd6 exd6 18.Rxd6 Bxd6 19.Nxd6+ Ke7 {#R} 0-1

[Event "Ch Baden"]
[Site "masterchessopen.com – Leimen (Germany)"]
[Round "6"]
[White "Reichstein Hans-Joerg (GER)"]
[Black "Bischoff Dieter (GER)"]
[Result "0-1"]
[WhiteElo "2091"]
[BlackElo "2313"]

1.e4 c5 2.Nf3 d6 3.d4 cxd4 4.Nxd4 Nf6 5.Nc3 Nc6 6.Bc4 Qb6 7.Nb3 e6 8.O-O Be7
9.Bg5 O-O 10.Qd2 a6 11.a4 Qc7 12.a5 {#R} 0-1

[Event "It (open)"]
[Site "masterchessopen.com – Novosibirsk (Russia)"]
[Round "4"]
[White "Bespalov Alexey (RUS)"]
[Black "Shushpanov Rustam (RUS)"]
[Result "0-1"]
[WhiteElo "2296"]
[BlackElo "2460"]

1.e4 c5 2.Nf3 Nc6 3.d4 cxd4 4.Nxd4 Nf6 5.Nc3 d6 6.Bc4 Qb6 7.Be3 Qxb2 8.Ndb5
Qb4 9.Qe2 Ne5 10.Bd3 Qa5 11.Bd2 Qd8 12.O-O a6 13.Nd4 g6 14.f4 Nxd3 15.Qxd3 Bg7
16.Kh1 O-O 17.f5 Bd7 18.Rae1 Rc8 19.Nd5 Bc6 20.Nxc6 Rxc6 21.Bg5 Re8 22.e5 dxe5
23.Nxe7+ Qxe7 {#R} 0-1

[Event "It \"]
[Site "masterchessopen.com – Olomouc (Czech Republic)"]
[Round "5"]
[White "Llaneza Vega Patricia (ESP)"]
[Black "Estremera Panos Sergio (ESP)"]
[Result "0-1"]
[WhiteElo "2201"]
[BlackElo "2398"]

1.e4 c5 2.Nf3 Nc6 3.d4 cxd4 4.Nxd4 Nf6 5.Nc3 d6 6.Bc4 Bd7 7.Be3 Ng4 8.Nxc6
bxc6 9.Bd4 e5 10.Qf3 Qf6 11.Be3 Nxe3 12.Qxe3 Be7 13.O-O O-O 14.Rad1 Be6 15.Bb3
Bxb3 16.axb3 Qe6 17.Qf3 Qd7 18.Rd3 f5 19.exf5 Rxf5 20.Qh3 Raf8 21.Ne4 Qc7
22.c4 Rf4 23.Qe6+ Kh8 24.f3 Rxe4 {#R} 0-1

[Event "Cup European Club (final)"]
[Site "masterchessopen.com – Panormo (Greece)"]
[Round "2"]
[White "Azarov Sergei (BLR)"]
[Black "Georgiev Vladimir (MKD)"]
[Result "0-1"]
[WhiteElo "2490"]
[BlackElo "2564"]

1.e4 c5 2.Nf3 Nc6 3.d4 cxd4 4.Nxd4 Nf6 5.Nc3 d6 6.Bc4 Bd7 7.h3 Nxd4 8.Qxd4 g6
9.f4 Bc6 10.Be3 Bg7 11.O-O-O O-O 12.Qd3 Qa5 13.Bb3 Nd7 14.Nd5 Rfe8 15.f5 e6
16.fxe6 fxe6 17.Nc3 Nc5 18.Bxc5 dxc5 19.Rhf1 b5 20.Qd6 c4 21.Bxc4 bxc4 22.Qxc6
Rab8 23.Rd7 Qg5+ 24.Kd1 Bxc3 25.bxc3 Qxg2 {#R} 0-1

[Event "Ch Paris (open)"]
[Site "masterchessopen.com – Paris (France)"]
[Round "1"]
[White "Marin Sebastien (FRA)"]
[Black "Miroshnichenko Evgenij (UKR)"]
[Result "0-1"]
[WhiteElo "2156"]
[BlackElo "2545"]

1.e4 c5 2.Nf3 d6 3.d4 cxd4 4.Nxd4 Nf6 5.Nc3 Nc6 6.Bc4 Qb6 7.Nb3 e6 8.Be3 Qc7
9.O-O Be7 10.Bd3 a6 11.f4 b5 12.a3 Bb7 13.Qf3 Rc8 14.Qg3 h5 15.h3 g6 16.Qf2 b4
17.axb4 Nxb4 18.Na5 d5 19.Bd4 dxe4 20.Nxb7 exd3 {#R} 0-1

[Event "Ch Europe (juniors) (under 20) (g)"]
[Site "masterchessopen.com – Patras (Greece)"]
[Round "1"]
[White "Kaps Darja (SLO)"]
[Black "Fantin Alison (FRA)"]
[Result "1-0"]
[WhiteElo "2204"]
[BlackElo "1877"]

1.e4 c5 2.Nf3 d6 3.d4 cxd4 4.Nxd4 Nf6 5.Nc3 Nc6 6.Bc4 Qb6 7.Be3 Ng4 8.O-O Nxe3
9.fxe3 Ne5 10.Nd5 Qc5 11.Bb5+ Bd7 12.Qh5 O-O-O 13.b4 Bxb5 14.bxc5 Bxf1 15.Rxf1
e6 16.Nc3 Be7 17.cxd6 Bxd6 18.Ncb5 Bb8 19.Nxa7+ Bxa7 20.Qxe5 {#r} 1-0

[Event "Ch Russia (w) (1 liga)"]
[Site "masterchessopen.com – Protvino (Russia)"]
[Round "1"]
[White "Sukhareva Olga (RUS)"]
[Black "Shadrina Tatiana (RUS)"]
[Result "0-1"]
[WhiteElo "2116"]
[BlackElo "2340"]

1.e4 c5 2.Nf3 d6 3.d4 cxd4 4.Nxd4 Nf6 5.Nc3 Nc6 6.Bc4 Qb6 7.Nb3 e6 8.Be3 Qc7
9.f4 Be7 10.g4 O-O 11.g5 Nxe4 12.Nxe4 d5 13.Nf6+ gxf6 14.gxf6 Bxf6 15.Bd3 Bh4+
16.Kd2 f5 17.Qf3 Bf6 18.c3 Bd7 19.Bd4 Nxd4 20.Nxd4 Kh8 21.Rae1 Qb6 22.Nb3 d4
23.Rhf1 dxc3+ 24.bxc3 Rac8 25.Rc1 Rfd8 {#R} 0-1

[Event "Cup Itau (open)"]
[Site "masterchessopen.com – Sao Paulo (Brazil)"]
[Round "7"]
[White "Zapata Alonso (COL)"]
[Black "Mendez Ernesto (ARG)"]
[Result "1-0"]
[WhiteElo "2530"]
[BlackElo "2411"]

1.e4 c5 2.Nf3 d6 3.d4 cxd4 4.Nxd4 Nf6 5.Nc3 Nc6 6.Bc4 Qb6 7.Nb3 e6 8.O-O Be7
9.a4 O-O 10.Be3 Qc7 11.Bd3 Rd8 12.f4 d5 13.e5 Ne4 14.Nb5 Qb8 15.c3 a6 16.N5d4
Bd7 17.Qc2 Nxd4 18.Nxd4 Bc5 19.Bxe4 dxe4 20.Qxe4 Bxd4 21.Bxd4 Bc6 22.Qe3 Qc8
23.Rf2 b5 24.a5 Qd7 25.Re1 b4 26.Bb6 {#r} 1-0

[Event "It (open)"]
[Site "masterchessopen.com – Sevilla (Spain)"]
[Round "5"]
[White "Montero Campuzano Rafael (ESP)"]
[Black "Alonso Salvador (ARG)"]
[Result "0-1"]
[WhiteElo "2157"]
[BlackElo "2432"]

1.e4 c5 2.Nf3 Nc6 3.d4 cxd4 4.Nxd4 Nf6 5.Nc3 d6 6.Bc4 Bd7 7.Bg5 e6 8.Ndb5 Qb8
9.Bxf6 gxf6 10.Qf3 a6 11.Nd5 exd5 12.Bxd5 Be7 13.Nc3 h5 14.Qg3 Be6 15.O-O-O h4
16.Qg7 Kd7 17.Bxe6+ fxe6 18.e5 Qf8 19.Rxd6+ Kc7 20.Qxf8 Raxf8 21.Rxe6 Kd7
22.Rxe7+ Nxe7 23.Rd1+ Kc7 {#R} 0-1

[Event "Ch Russia (juniors) (under 14)"]
[Site "masterchessopen.com – Smolensk (Russia)"]
[Round "0"]
[White "Nurmukhanov Timur (RUS)"]
[Black "Kosov Alexey (RUS)"]
[Result "0-1"]
[WhiteElo "2260"]
[BlackElo "2280"]

1.e4 c5 2.Nf3 d6 3.d4 cxd4 4.Nxd4 Nf6 5.Nc3 Nc6 6.Bc4 Qb6 7.Nxc6 bxc6 8.b3 e6
9.Bb2 Be7 10.O-O O-O 11.Qe2 Nd7 12.Rad1 Ne5 13.Na4 Qc7 14.f4 Nxc4 15.Qxc4 Rd8
16.Rf3 Bf8 17.Qd4 e5 18.fxe5 Bg4 19.Rg3 dxe5 {#R} 0-1

[Event "It (open)"]
[Site "masterchessopen.com – St-Chely d'Aubrac (France)"]
[Round "1"]
[White "Porte Jacques (FRA)"]
[Black "Moingt Jean-Claude (FRA)"]
[Result "0-1"]
[WhiteElo "1552"]
[BlackElo "2297"]

1.e4 c5 2.Nf3 d6 3.Bc4 Nc6 4.d4 cxd4 5.Nxd4 Nf6 6.Nc3 Bd7 7.Bg5 Qa5 8.Bxf6
gxf6 9.Nf3 Bg4 10.Be2 Bg7 11.O-O h5 12.h4 Rh6 13.a3 Rg6 14.Nd5 Bh6 15.Nh2 Bh3
16.Bf3 Ne5 17.Bxh5 Rxg2+ 18.Kh1 e6 19.Nxf6+ Ke7 20.Nfg4 Nxg4 21.Nxg4 Qxh5
22.f3 Rd2 23.Qe1 Bxf1 24.Qxf1 Qxh4+ 25.Kg1 Be3+ {#R} 0-1

[Event "Memorial M.Chigorin (open)"]
[Site "masterchessopen.com – St. Petersburg (Russia)"]
[Round "2"]
[White "Grigoriants Sergey (RUS)"]
[Black "Golovchenko Gleb (RUS)"]
[Result "1-0"]
[WhiteElo "2441"]
[BlackElo "2243"]

1.e4 c5 2.Nf3 Nc6 3.d4 cxd4 4.Nxd4 Nf6 5.Nc3 d6 6.Bc4 Bd7 7.Bg5 Qa5 8.Bxf6
gxf6 9.Nb3 Qg5 10.g3 e6 11.Qe2 h5 12.f4 Qh6 13.Rf1 a6 14.a4 Be7 15.Qf2 Rg8
16.Be2 Rc8 17.O-O-O Qg6 18.Kb1 Nb4 19.f5 Qg5 20.Qb6 d5 21.exd5 exd5 22.Qxb7
Bxf5 23.Nxd5 Nc6 24.Nd4 {#r} 1-0

[Event "Memorial M.Chigorin (open)"]
[Site "masterchessopen.com – St. Petersburg (Russia)"]
[Round "8"]
[White "Shamugia Shavleg (GEO)"]
[Black "Kryschilovskij Andrej (RUS)"]
[Result "1-0"]
[WhiteElo "2292"]
[BlackElo "2384"]

1.e4 c5 2.Nf3 Nc6 3.d4 cxd4 4.Nxd4 Nf6 5.Nc3 d6 6.Bc4 Qb6 7.Be3 Qxb2 8.Ndb5
Qb4 9.Qe2 Qa5 10.Bd2 Qd8 11.Nd5 Nxd5 12.exd5 Ne5 13.f4 Bg4 14.Nxd6+ exd6
15.Bb5+ Bd7 16.fxe5 Bxb5 17.Qxb5+ Qd7 18.Qe2 dxe5 19.Qxe5+ Qe7 20.Qxe7+ Bxe7
21.Ke2 Rc8 22.Kd3 Rc5 23.c4 b5 24.Rae1 {#r} 1-0

[Event "It (open)"]
[Site "masterchessopen.com – Trevias (Spain)"]
[Round "7"]
[White "Alvarino Cazon Jose Manuel (ESP)"]
[Black "Almirante Olay Ruben (ESP)"]
[Result "1-0"]
[WhiteElo "2083"]
[BlackElo "1899"]

1.e4 c5 2.Nf3 Nc6 3.Nc3 d6 4.d4 cxd4 5.Nxd4 Nf6 6.Bc4 g6 7.Nxc6 bxc6 8.e5 Ng4
9.exd6 exd6 10.O-O Ne5 11.Bb3 Bg7 12.f4 Ng4 13.Qe2+ Be6 14.Bxe6 Bd4+ 15.Kh1
Nf2+ 16.Rxf2 Bxf2 17.Bb3+ Kd7 18.Qxf2 Qf6 19.Be3 h5 20.Rd1 Qf5 21.Bc5 d5
22.Nxd5 {#r} 1-0